Health sciences 3630F. / (Record no. 9128)

MARC details
000 -LEADER
fixed length control field 00703nam a22002177a 4500
003 - CONTROL NUMBER IDENTIFIER
control field OSt
005 - DATE AND TIME OF LATEST TRANSACTION
control field 20220811142121.0
008 - FIXED-LENGTH DATA ELEMENTS--GENERAL INFORMATION
fixed length control field 120831t xxu||||| |||| 00| 0 eng d
024 ## - OTHER STANDARD IDENTIFIER
Standard number or code 10360
040 ## - CATALOGING SOURCE
Transcribing agency WIUC-GH
050 ## - LIBRARY OF CONGRESS CALL NUMBER
Classification number RC961.O64
100 ## - MAIN ENTRY--PERSONAL NAME
Personal name Orchard, Treena
9 (RLIN) 114
245 ## - TITLE STATEMENT
Title Health sciences 3630F. /
Statement of responsibility, etc. Treena Orchard
246 ## - VARYING FORM OF TITLE
Title proper/short title Special topics: Sexuality, gender and health
250 ## - EDITION STATEMENT
Edition statement September 2012
260 ## - PUBLICATION, DISTRIBUTION, ETC.
Place of publication, distribution, etc. London, Ontario:
Name of publisher, distributor, etc. UWO,
Date of publication, distribution, etc. 2012.
300 ## - PHYSICAL DESCRIPTION
Extent iii, 318 p:
Other physical details ill,;
500 ## - GENERAL NOTE
General note Includes index.
505 ## - FORMATTED CONTENTS NOTE
Formatted contents note Cotents: Overview of key concepts -- The body -- Other sexualities and genders -- At the intersection of sexuality, gender, and health --
942 ## - ADDED ENTRY ELEMENTS (KOHA)
Source of classification or shelving scheme Library of Congress Classification
Koha item type Books
Holdings
Withdrawn status Lost status Source of classification or shelving scheme Damaged status Not for loan Home library Current library Shelving location Date acquired Full call number Barcode Date last seen Koha item type
    Library of Congress Classification     WISCONSIN INTERNATIONAL UNIVERSITY COLLEGE, GHANA KUMASI LIBRARY WISCONSIN INTERNATIONAL UNIVERSITY COLLEGE, GHANA KUMASI LIBRARY nursing 23/06/2022 RC961.O64 KSN/1052/057/22 11/08/2022 Books

If you have any concerns or questions; kindly contact the library


© Powered by WIUC ICT DIRECTORATE